[Event "Karpos Open 2013"]
[Site "Skopje MKD"]
[Date "2013.03.16"]
[Round "9.6"]
[White "Van Kampen,R"]
[Black "Ivanisevic,I"]
[Result "0-1"]
[WhiteElo "2592"]
[BlackElo "2644"]

1.e4 d6 2.d4 Nf6 3.Nc3 e5 4.Nf3 Nbd7 5.Bc4 exd4 6.Qxd4 Be7 7.O-O O-O 8.Rd1 Nb6
9.Be2 Be6 10.Bf4 Nfd7 11.Qe3 Re8 12.Nd4 Bc4 13.Bf3 Bf6 14.b3 Ba6 15.Qd2 Ne5
16.Be2 Bxe2 17.Ndxe2 Nbd7 18.f3 Ng6 19.Be3 Be5 20.Rf1 Nf6 21.Rad1 c6 22.Qd3 Qe7
23.Bg5 d5 24.exd5 Qc5+ 25.Kh1 Nxd5 26.Nxd5 cxd5 27.Be3 Qc7 28.Bg1 Rac8 29.c3 Rcd8
30.Rfe1 a6 31.Nd4 Nf4 32.Qd2 h5 33.Bf2 Ng6 34.g3 Bf6 35.h4 Ne7 36.Kg2 Rc8
37.Rc1 Qd7 38.Qd3 Rc7 39.Rc2 Rec8 40.Rd1 Be5 41.Ne2 Rc6 42.c4 b5 43.Rcc1 bxc4
44.bxc4 Rd6 45.cxd5 Rxd5 46.Rxc8+ Qxc8 47.Qb3 Rb5 48.Qe3 Nf5 49.Qe4 Nd6 50.Qd3 Qb7
51.Rd2 Rb1 52.Bc5 Ne8 53.Qe3 f6 54.Rd8 Qf7 55.Bd4 Rb8 56.Rxb8 Bxb8 57.Qb3 Qxb3
58.axb3 Kf7 59.Nc3 Ke6 60.g4 Be5 61.Bxe5 Kxe5 62.gxh5 Nd6 63.Kf2 a5 64.Ke2 Nf5
65.Ne4 Nd4+ 66.Kd3 Nxb3 67.Nf2 f5 68.Kc3 Nc5 69.Kc4 Nd7 70.Nd3+ Kd6 71.f4 Nf6
72.h6 gxh6 73.Ne5 Ke6 74.Nc6 Nh5 75.Nd4+ Kf6 76.Ne2 Ng7 77.Kb5 Ne6 78.Kxa5 Kg6
79.Kb5 Kh5 80.Kc4 Kg4 81.Kc3 Nxf4 82.Nd4 Ng2  0-1

[Event "TCh-SUI 2013"]
[Site "Switzerland SUI"]
[Date "2013.03.17"]
[Round "1.2"]
[White "Atlas,V"]
[Black "Pelletier,Y"]
[Result "1/2-1/2"]
[WhiteElo "2448"]
[BlackElo "2604"]

1.e4 d6 2.d4 Nf6 3.Nc3 e5 4.dxe5 dxe5 5.Qxd8+ Kxd8 6.Bg5 c6 7.Bc4 Ke8 8.a4 a5
9.O-O-O Nfd7 10.Nge2 f6 11.Bh4 Bb4 12.Bg3 Nb6 13.Ba2 Bg4 14.f3 Bh5 15.Bf2 N8d7
16.h4 Bc5 17.Be1 h6 18.Ng3 Bg6 19.h5 Bh7 20.Nf5 Bxf5 21.exf5 Be3+ 22.Kb1 Ke7
23.Rh4 Rhd8 24.Re4 Bc5 25.g3 Bb4 26.Bf2 Bc5 27.Be1 Bb4 28.Bf2 Bc5  1/2-1/2

[Event "TCh-SUI 2013"]
[Site "Switzerland SUI"]
[Date "2013.03.17"]
[Round "1.4"]
[White "Renet,O"]
[Black "Modler,A"]
[Result "1-0"]
[WhiteElo "2469"]
[BlackElo "2277"]

1.e4 d6 2.d4 Nf6 3.Nc3 e5 4.Nf3 Nbd7 5.Bc4 Be7 6.O-O O-O 7.Re1 c6 8.a4 b6
9.Ba2 a6 10.h3 Rb8 11.Be3 b5 12.axb5 axb5 13.b4 Bb7 14.Rb1 exd4 15.Nxd4 g6
16.Bh6 Re8 17.Qd2 Bf8 18.Bxf8 Rxf8 19.Nb3 Ne8 20.Rbd1 Qf6 21.f4 Qh4 22.Nd4 Nb6
23.Nf3 Qh6 24.Ng5 Na4 25.Nxa4 bxa4 26.Qe3 d5 27.exd5 cxd5 28.c4 Nf6 29.cxd5 Rbe8
30.Qd4 Qg7 31.d6 Rxe1+ 32.Rxe1 h6 33.Nxf7  1-0

[Event "3rd HD Bank Cup 2013"]
[Site "Ho Chi Minh City VIE"]
[Date "2013.03.19"]
[Round "2.13"]
[White "Cao,S"]
[Black "Tran Tuan Minh"]
[Result "1/2-1/2"]
[WhiteElo "2492"]
[BlackElo "2310"]

1.e4 d6 2.d4 Nf6 3.Nc3 Nbd7 4.Nf3 e5 5.Bc4 Be7 6.O-O O-O 7.Re1 c6 8.a4 b6
9.Ba2 Bb7 10.h3 a6 11.d5 b5 12.dxc6 Bxc6 13.Bg5 b4 14.Bxf6 Nxf6 15.Nd5 a5
16.Nxf6+ Bxf6 17.Bd5 Rc8 18.Bb3 Qd7 19.Qd3 Rfd8 20.Re2 g6 21.Qa6 Qb7 22.Qxb7 Bxb7
23.Rd1 Be7 24.Nd2 Rc5 25.Nf1 Kf8 26.f3 Bg5 27.Ne3 Ba6 28.Ree1 Bh4 29.Rf1 Bg5
30.Rfe1 Bh4 31.Rf1 Bxf1 32.Kxf1 Be7 33.Ke2 Rdc8 34.g3 R8c6 35.Kd3 Bg5 36.Nd5 Kg7
37.Rf1 Rc8 38.Nb6 R8c7 39.Nd5 Rb7 40.Rg1 f5 41.exf5 gxf5 42.g4 f4 43.Bc4 Kg6
44.b3 Bh4 45.Rh1 Rb8 46.c3 Kg5 47.cxb4 Rxd5+ 48.Bxd5 Rxb4 49.Rd1 Bf2 50.Bc4 Kh4
51.Ke4 Bc5  1/2-1/2

[Event "13th European Seniors"]
[Site "Plovdiv BUL"]
[Date "2013.03.19"]
[Round "9"]
[White "Rooze,J"]
[Black "Abramovic,B"]
[Result "0-1"]
[WhiteElo "2369"]
[BlackElo "2471"]

1.e4 d6 2.d4 Nf6 3.Nc3 e5 4.Nf3 Nbd7 5.Bc4 Be7 6.O-O Nb6 7.Be2 exd4 8.Nxd4 O-O
9.a4 a5 10.Bf4 c6 11.Qd3 d5 12.e5 Ne8 13.Bg3 g6 14.Nd1 Ng7 15.Ne3 Nd7 16.c4 Nc5
17.Qc2 Nge6 18.Rfd1 Nxd4 19.Rxd4 Ne6 20.Rdd1 d4 21.Qe4 Nc5 22.Qb1 Qb6 23.Ng4 Bxg4
24.Bxg4 d3 25.Ra3 Rad8 26.Bf4 Rd4  0-1

[Event "30th Ciocaltea Mem 2013"]
[Site "Bucharest ROU"]
[Date "2013.03.22"]
[Round "8.6"]
[White "Hajbok,R"]
[Black "Georgescu,T"]
[Result "1/2-1/2"]
[WhiteElo "2339"]
[BlackElo "2367"]

1.e4 d6 2.d4 Nf6 3.Nc3 e5 4.Nf3 Nbd7 5.Rg1 g6 6.g4 Bg7 7.g5 Nh5 8.Be3 O-O
9.Qd2 c6 10.O-O-O Qe7 11.Kb1 Re8 12.Be2 Nf8 13.Nh4 exd4 14.Bxd4 Bxd4 15.Qxd4 Nf4
16.Bg4 Bxg4 17.Rxg4 N8e6 18.Qe3 b5 19.Nf5 gxf5 20.exf5 d5 21.fxe6 Nxe6 22.Qh3 Nf8
23.Rdg1 Rad8 24.f4 Qe3 25.Qh5 d4 26.Nd1 Qe2  1/2-1/2

[Event "ch-Moscow w 2013"]
[Site "Moscow RUS"]
[Date "2013.03.22"]
[Round "1.8"]
[White "Ochneva,Inga"]
[Black "Mirzoeva,E"]
[Result "0-1"]
[WhiteElo "1857"]
[BlackElo "2252"]

1.e4 d6 2.d4 Nf6 3.Nc3 e5 4.d5 Be7 5.h3 Nbd7 6.Be3 Nc5 7.Bb5+ Bd7 8.Bxd7+ Qxd7
9.Qf3 O-O 10.Nge2 Ne8 11.g4 Bh4 12.Ng3 g6 13.Rg1 f6 14.Bh6 Ng7 15.O-O-O Bg5+
16.Bxg5 fxg5 17.Qe3 Qe7 18.Rh1 Rf7 19.Rh2 Raf8 20.Rdh1 Rf3 21.Qe2 R3f7 22.Nd1 Ne8
23.h4 gxh4 24.Rxh4 Qg5+ 25.Kb1 Nf6 26.a3 Qf4 27.Nc3 Rg7 28.b4 Ncd7 29.Nb5 Ne8
30.R4h2 a6 31.Nc3 Qf3 32.Qd2 Qxg4 33.Nge2 Qf3 34.Rg1 Nb6 35.Rg3 Nc4 36.Qc1 Qf7
37.Ka2 Nf6 38.Qh6 Nh5 39.Rgh3 Nf4 40.Rf3 Nd2 41.Rg3 Nf1  0-1

[Event "North Carolina Invitational 2013"]
[Site "Chapel Hill USA"]
[Date "2013.03.23"]
[Round "2"]
[White "Mu,Joshua"]
[Black "Ardaman,M"]
[Result "1/2-1/2"]
[WhiteElo "2185"]
[BlackElo "2283"]

1.e4 d6 2.d4 Nf6 3.Nc3 c6 4.f4 Qa5 5.Bd2 Qb6 6.Nf3 Bg4 7.e5 Nd5 8.Na4 Qd8
9.c4 Nc7 10.Be2 e6 11.Be3 d5 12.c5 Nd7 13.O-O b5 14.Nc3 a5 15.h3 Bxf3 16.Rxf3 f5
17.exf6 gxf6 18.Bf2 Qe7 19.Re3 Bh6 20.Bxb5 Bxf4 21.Bxc6 Bxe3 22.Bxe3 Rb8
23.Na4 O-O 24.Bf4 e5 25.Qg4+ Kh8 26.Qxd7 Qxd7 27.Bxd7 exf4 28.Rf1 Rb4 29.Rxf4 Rf7
30.a3 Rc4 31.Bc6 Re7 32.Nc3 Ne6 33.Rxf6 Nxd4 34.Rf8+ Kg7 35.Rg8+ Kh6 36.Bxd5 Rxc5
37.Rg4  1/2-1/2

[Event "TCh-CZE Extraliga 2012-13"]
[Site "Czech Republic CZE"]
[Date "2013.03.23"]
[Round "7.4"]
[White "Klima,L"]
[Black "Rogozenco,D"]
[Result "0-1"]
[WhiteElo "2340"]
[BlackElo "2498"]

1.e4 d6 2.d4 Nf6 3.Nc3 e5 4.Nf3 Nbd7 5.g3 c6 6.a4 Be7 7.Bg2 b6 8.O-O a6 9.Nh4 g6
10.Bh6 Bb7 11.f4 exd4 12.Qxd4 Qc7 13.Bh3 d5 14.Bxd7+ Kxd7 15.Qd1 Kc8 16.e5 Ne4
17.Nxe4 dxe4 18.Qg4+ Kb8 19.Rad1 Rd8 20.Bg5 Ka7 21.Bxe7 Qxe7 22.Qe2 Qc5+
23.Kh1 e3 24.Ng2 Qa5 25.Nxe3 Qxa4 26.c4 c5+ 27.Kg1 Rd4 28.Rxd4 cxd4 29.Nd5 Rd8
30.Rc1 Qb3 31.Qe4 Bxd5 32.cxd5 Qxd5 33.Qd3 Rd7 34.Kf2 b5 35.b4 h5 36.Rc5 Qa2+
37.Rc2 Qd5 38.Rc5 Qh1 39.h4 Qh2+ 40.Kf3 Qh1+ 41.Kf2 Qh2+ 42.Kf3 Qg1 43.Rc2 Kb6
44.Rc8 Kb7 45.Rc2 Qe1 46.Rd2 Kb6 47.Kg2 Qc1 48.Re2 Qc3 49.Qd1 d3  0-1

[Event "TCh-CZE Extraliga 2012-13"]
[Site "Czech Republic CZE"]
[Date "2013.03.23"]
[Round "7.6"]
[White "Ponizil,C"]
[Black "Straka,Joz2"]
[Result "1-0"]
[WhiteElo "2377"]
[BlackElo "2348"]

1.e4 d6 2.d4 Nf6 3.Nc3 e5 4.Nf3 Nbd7 5.Bc4 Be7 6.O-O O-O 7.Re1 c6 8.a4 b6
9.Bg5 Qc7 10.d5 Bb7 11.dxc6 Bxc6 12.Bb5 Rfc8 13.Re2 a6 14.Bxc6 Qxc6 15.Nd5 Bd8
16.Bxf6 Nxf6 17.Nxf6+ Bxf6 18.Qd3 Qc4 19.g3 Qxd3 20.cxd3 Rc5 21.Ne1 Rac8
22.Kg2 Kf8 23.h4 g6 24.b4 Rc3 25.Raa2 Rb3 26.Rec2 Rxc2 27.Nxc2 Rxd3 28.Ne3 Ke8
29.a5 b5 30.Nd5 Bd8 31.Rc2 f5 32.f3 Kd7 33.Nb6+ Ke6 34.Rc8 Bf6 35.Nd5 Rd2+
36.Kh3 fxe4 37.fxe4 Rd4 38.Re8+ Kf7 39.Ra8 Rxe4 40.Rxa6 Ke6 41.Nc7+ Kd7 42.Nxb5 Rxb4
43.Rxd6+ Ke7 44.Rb6 Ra4 45.a6 e4 46.a7 e3 47.Nc7 Bd4 48.Na6 Bxb6 49.a8=Q e2
50.Qb7+ Ke8 51.Qc6+ Ke7 52.Nc7 Rc4 53.Nd5+ Kf7 54.Qf6+  1-0

[Event "4NCL 2012-13"]
[Site "Hinckley ENG"]
[Date "2013.03.23"]
[Round "7.184"]
[White "Emms,J"]
[Black "Berry,N"]
[Result "1/2-1/2"]
[WhiteElo "2483"]
[BlackElo "2247"]

1.e4 d6 2.d4 Nf6 3.Nc3 e5 4.Nf3 Nbd7 5.Bc4 Be7 6.O-O O-O 7.a4 a6 8.Re1 b6
9.b3 c6 10.Bb2 Bb7 11.Bd3 g6 12.Nb1 exd4 13.Bxd4 Re8 14.Nbd2 Bf8 15.Qc1 Ne5
16.Qb2 Nfd7 17.Nxe5 dxe5 18.Bc3 b5 19.Nf3 f6 20.b4 Qe7 21.Bd2 Red8 22.Ra3 Nb6
23.a5 Nc8 24.c4 Nd6 25.c5 Nf7 26.Bb1 Bc8 27.Be3 Be6 28.h3 Bh6 29.Bxh6 Nxh6
30.Rd3 Rxd3 31.Bxd3 Rd8 32.Bc2 Nf7 33.Qc1 Rd7 34.Rd1 Qd8 35.Rxd7 Qxd7 36.h4 Kg7
37.g3 h5 38.Qd2 Qxd2 39.Nxd2 g5 40.Kg2 gxh4 41.gxh4 Nh8 42.Kg3 Ng6 43.Bd3 Nf4
44.Bf1 Kf7 45.f3 Ke7 46.Kf2 Ng6 47.Kg3 Nf4 48.Kf2 Ng6 49.Kg3 Nf4  1/2-1/2

[Event "3rd HD Bank Cup 2013"]
[Site "Ho Chi Minh City VIE"]
[Date "2013.03.23"]
[Round "7.21"]
[White "Cao,S"]
[Black "Nguyen Hoang Nam1"]
[Result "1/2-1/2"]
[WhiteElo "2492"]
[BlackElo "2311"]

1.e4 d6 2.d4 Nf6 3.Nc3 e5 4.Nf3 Nbd7 5.Bc4 Be7 6.O-O O-O 7.Re1 c6 8.a4 a5
9.b3 exd4 10.Nxd4 Nb6 11.Bd3 d5 12.e5 Ne8 13.Nce2 g6 14.c3 Ng7 15.Nf4 Nd7
16.Bc2 Qc7 17.Nd3 f6 18.Bh6 Nxe5 19.h3 Nf7 20.Bxg7 Kxg7 21.Nf4 Qxf4 22.Rxe7 Qd6
23.Qe2 Kg8 24.Re3 Bd7 25.Rg3 Rae8 26.Qd2 Ng5 27.Rd1 Ne4 28.Bxe4 Rxe4 29.Re1 Rfe8
30.Rge3 Qf4 31.Nc2 Rxe3 32.Rxe3 Rxe3 33.Nxe3 Qe4 34.Kh2 b6 35.g3 Bc8 36.Qd1 Kg7
37.Qd2 Be6 38.Ng2 d4 39.Nf4 Bxb3 40.cxd4 g5 41.Qc3 Bxa4 42.Nh5+ Kg6 43.g4 Qe2
44.Kg1 Qd1+ 45.Kh2 Qe2 46.Kg1 Bb5 47.Ng3 Qe6 48.Qc2+ Kg7 49.Kh2 a4 50.d5 cxd5
51.Qc7+ Bd7 52.Qd8 Be8 53.Nf5+ Kf8 54.Qa8 d4 55.Qb7 Bd7 56.Qb8+ Bc8 57.Qa7 Qe5+
58.Ng3 d3 59.Qxa4 Qd6 60.Qa8 Qd7 61.Ne4 Kg7 62.Qa1 Qe6 63.Ng3 Bb7 64.Qd4 Qc6
65.Nf5+ Kf7 66.Nd6+ Kg8 67.Nxb7 Qxb7 68.Qxf6 Qc7+ 69.Kg2 Qb7+ 70.Kh2 Qd7
71.Qxg5+ Kf7 72.Qf4+ Ke7 73.Qe5+ Kd8 74.Qb8+ Ke7 75.Qe5+ Kd8 76.Qb8+ Ke7
77.Qe5+  1/2-1/2

[Event "TCh-AUT 2012-13"]
[Site "St.Veit AUT"]
[Date "2013.03.23"]
[Round "10.5"]
[White "Kuba,G"]
[Black "Thiede,L"]
[Result "0-1"]
[WhiteElo "2387"]
[BlackElo "2441"]

1.e4 d6 2.d4 Nf6 3.Nc3 e5 4.Nf3 Nc6 5.Bb5 Bd7 6.O-O Be7 7.Re1 O-O 8.Bxc6 Bxc6
9.h3 exd4 10.Nxd4 Nd7 11.Nxc6 bxc6 12.b3 Bf6 13.Bb2 Re8 14.Qf3 Re6 15.Re2 Qe7
16.Rae1 Re8 17.a3 Be5 18.g3 Qf6 19.Qd3 Qg6 20.Kh2 Nc5 21.Qc4 Bxc3 22.Qxc3 Nxe4
23.Qxc6 h5 24.Kg2 Kh7 25.Qxc7 Qf5 26.h4 Ng5 27.hxg5 Rxe2 28.Rxe2 Rxe2 29.Qxa7 Qe4+
30.Kh2 Re1 31.g6+ Kxg6  0-1

[Event "TCh-CZE Extraliga 2012-13"]
[Site "Czech Republic CZE"]
[Date "2013.03.24"]
[Round "8.5"]
[White "Kanovsky,D"]
[Black "Neuman,P"]
[Result "1/2-1/2"]
[WhiteElo "2415"]
[BlackElo "2471"]

1.e4 d6 2.d4 Nf6 3.Nc3 e5 4.Nf3 Nbd7 5.Bc4 Be7 6.O-O O-O 7.a4 c6 8.Re1 a5
9.h3 Nb6 10.Bf1 exd4 11.Nxd4 d5 12.e5 Ne8 13.Nce2 g6 14.Ng3 Ng7 15.c3 Nd7
16.Bh6 Nc5 17.Qc2 Nce6 18.Nf3 Ng5 19.Nd4 N5e6 20.Nf3 Ng5 21.Nh2 f6 22.exf6 Bxf6
23.Rad1 Nf7 24.Bf4 Re8 25.Nf3 Rxe1 26.Rxe1 Ne6 27.Be3 Qf8 28.Nd4 Nxd4 29.Bxd4 Bxd4
30.cxd4 Bd7 31.Bd3 Qb4 32.Rd1 Kg7 33.h4 Re8 34.h5 Bg4 35.Be2 Bxe2 36.Nxe2 Nd6
37.hxg6 hxg6 38.Nf4 Re1+ 39.Kh2 Nf5 40.Rxe1 Qxe1  1/2-1/2

[Event "Norwegian Open 2013"]
[Site "Fagernes NOR"]
[Date "2013.03.24"]
[Round "1"]
[White "Ghaderi,Arman K"]
[Black "Byklum,B"]
[Result "0-1"]
[WhiteElo "1819"]
[BlackElo "2296"]

1.e4 d6 2.d4 Nf6 3.Nc3 e5 4.dxe5 dxe5 5.Qxd8+ Kxd8 6.Nf3 Bd6 7.Bc4 Ke7 8.Bg5 c6
9.Ke2 h6 10.Bh4 g5 11.Bg3 b5 12.Bd3 Bg4 13.Nd1 Nbd7 14.Ne3 Be6 15.Nd2 Nc5
16.Rhd1 Rad8 17.f3 Nh5 18.Rac1 Ng7 19.c4 b4 20.Bc2 Kf6 21.Nb3 Na4 22.c5 Bc7
23.Rxd8 Rxd8 24.Nd2 Nxc5 25.Bb1 Bd6 26.Ndc4 Nb7 27.Nxd6 Rxd6 28.Nc4 Bxc4+
29.Rxc4 c5 30.Bf2 Ne6 31.Bd3 Nf4+  0-1

[Event "Norwegian Open 2013"]
[Site "Fagernes NOR"]
[Date "2013.03.24"]
[Round "1"]
[White "Skagseth,Havard M"]
[Black "Ninov,N"]
[Result "0-1"]
[WhiteElo "1917"]
[BlackElo "2508"]

1.e4 d6 2.d4 Nf6 3.Nc3 Nbd7 4.Nf3 e5 5.Be2 Be7 6.O-O O-O 7.Re1 c6 8.a4 b6
9.b4 Bb7 10.Bd3 a6 11.Ne2 d5 12.dxe5 dxe4 13.exf6 Nxf6 14.Bxe4 Nxe4 15.Rb1 Qxd1
16.Rxd1 Rfd8 17.Rxd8+ Rxd8 18.Be3 c5 19.c3 Bc6 20.a5 bxa5 21.bxa5 Bb5 22.Ng3 Nxc3
23.Re1 c4 24.Bb6 Rd1 25.Rxd1 Nxd1 26.Nd4 Ba4 27.Nge2 c3 28.Nc1 c2 29.Kf1 Bg5
30.Nde2 Bd2 31.Kg1 Bb5  0-1

[Event "Norwegian Open 2013"]
[Site "Fagernes NOR"]
[Date "2013.03.24"]
[Round "3"]
[White "Moen,A"]
[Black "Ninov,N"]
[Result "1/2-1/2"]
[WhiteElo "2390"]
[BlackElo "2508"]

1.e4 d6 2.d4 Nf6 3.Nc3 Nbd7 4.Nf3 e5 5.g4 c6 6.g5 Nh5 7.Bh3 Qe7 8.Bg4 Nf4
9.dxe5 dxe5 10.Bxf4 exf4 11.Qd2 g6 12.O-O-O Bg7 13.e5 Nxe5 14.Bxc8 Nxf3 15.Qxf4 Rxc8
16.Ne4 O-O 17.Qxf3 Rce8 18.Rhe1 Kh8 19.h4 Qe5  1/2-1/2

[Event "Norwegian Open 2013"]
[Site "Fagernes NOR"]
[Date "2013.03.24"]
[Round "7"]
[White "Gullaksen,E"]
[Black "Johannessen,LE"]
[Result "1/2-1/2"]
[WhiteElo "2391"]
[BlackElo "2521"]

1.e4 d6 2.d4 Nf6 3.Nc3 e5 4.Nf3 Nbd7 5.Bc4 Be7 6.O-O O-O 7.a4 a5 8.Re1 c6
9.Ba2 exd4 10.Nxd4 Nc5 11.h3 Qb6 12.Nb3 Nxb3 13.Bxb3 Be6 14.Nd5 cxd5 15.exd5 Nxd5
16.Bxd5 Bxd5 17.Qxd5 Bf6 18.Rb1 Rac8 19.Be3 Qb4 20.c3 Qxa4 21.Qxb7 Rb8 22.Qd5 Rfd8
23.Ra1 Qb5 24.Rxa5 Qxd5 25.Rxd5 Rxb2 26.Bf4 h6 27.Rxd6 Rxd6 28.Bxd6 Bxc3  1/2-1/2

[Event "44th Marcel Duchamp"]
[Site "Buenos Aires ARG"]
[Date "2013.03.26"]
[Round "5.15"]
[White "Martinez de Negri,G"]
[Black "Perelman,H"]
[Result "1/2-1/2"]
[WhiteElo "2153"]
[BlackElo "2363"]

1.e4 d6 2.d4 Nf6 3.Nc3 Nbd7 4.Nf3 e5 5.Bc4 Be7 6.O-O O-O 7.Re1 c6 8.a4 a5
9.b3 exd4 10.Nxd4 Nb6 11.Bf1 d5 12.e5 Ne8 13.Ba3 Bxa3 14.Rxa3 Nc7 15.Ra2 Re8
16.Bd3 g6 17.f4 f6 18.Qf3 fxe5 19.fxe5 Qh4 20.Qe3 Nd7 21.Nf3 Qb4  1/2-1/2

[Event "ch-Moscow w 2013"]
[Site "Moscow RUS"]
[Date "2013.03.26"]
[Round "5.8"]
[White "Sayafarova,Anna"]
[Black "Fominykh,M"]
[Result "0-1"]
[WhiteElo "1745"]
[BlackElo "2282"]

1.e4 d6 2.d4 Nf6 3.Nc3 e5 4.dxe5 dxe5 5.Qxd8+ Kxd8 6.Bc4 Ke8 7.Nf3 Bd6 8.Be3 a6
9.a3 h6 10.h3 b5 11.Bb3 Bb7 12.Nd2 Nbd7 13.f3 c6 14.O-O-O Ke7 15.Nf1 Bc5
16.Ba2 g6 17.b4 Bxe3+ 18.Nxe3 a5 19.Kb2 Bc8 20.Rd2 Nf8 21.Rhd1 axb4 22.axb4 Ne6
23.Ne2 Ne8 24.Bb3 f6 25.c4 bxc4 26.Nxc4 Rb8 27.Kc3 N8c7 28.Ba4 c5 29.Rb1 Nd4
30.Na5 Bd7 31.Bxd7 Kxd7 32.Kc4 Rhc8 33.Nxd4 cxd4 34.Kb3 Rxb4+ 35.Kxb4 Rb8+
36.Kc5 Rxb1 37.Kc4 Rc1+ 38.Kb4 Ne6 39.Nb3 Rc7 40.g3 Rc3 41.Rf2 Ng5 42.Nd2 Nxh3
43.Rh2 Ng5 44.Rxh6 Rd3 45.Nc4 Rxf3 46.Rxg6 Nxe4 47.Rg4 Nxg3 48.Kc5 Ke6 49.Nd2 Rc3+
50.Kb4 Kd5 51.Rg6 f5 52.Rg8 Ne4 53.Rd8+ Nd6 54.Nb3 f4 55.Na5 Rc7  0-1

[Event "ch-Moscow w 2013"]
[Site "Moscow RUS"]
[Date "2013.03.26"]
[Round "5.5"]
[White "Utiatskaja,Irina"]
[Black "Mirzoeva,E"]
[Result "0-1"]
[WhiteElo "2024"]
[BlackElo "2252"]

1.e4 d6 2.d4 Nf6 3.Nc3 e5 4.Nf3 Nbd7 5.Bc4 Be7 6.O-O O-O 7.Re1 c6 8.a4 a5
9.h3 Nb6 10.Ba2 Nfd7 11.Be3 exd4 12.Bxd4 Nc5 13.Bxc5 dxc5 14.Qe2 Qd6 15.e5 Qg6
16.Kh1 Bf5 17.Bb3 Rad8 18.Rad1 Be6 19.Nd2 Rd4 20.Nf3 Rxd1 21.Rxd1 c4 22.Ba2 Bb4
23.Ne4 Nxa4 24.c3 Be7 25.Bb1 Qh6 26.Nd4 Nc5 27.Kg1 Qf4 28.Ng3 g6 29.Nf1 Bd5
30.g3 Qh6 31.Qg4 Qg5 32.Qe2 Ne6 33.h4 Qh6 34.Ne3 Rd8 35.Nxc4 Bxc4 36.Qxc4 c5
37.Qb5 cxd4 38.Qxb7 dxc3 39.Rxd8+ Bxd8 40.bxc3 Qc1+ 41.Kg2 Qxc3 42.f4 Qb4
43.Qd7 Qxb1 44.h5 Qe4+  0-1

[Event "ch-SRB w 2013"]
[Site "Pirot SRB"]
[Date "2013.03.26"]
[Round "4"]
[White "Zarkovic,M"]
[Black "Djukic,Sa"]
[Result "0-1"]
[WhiteElo "2053"]
[BlackElo "2125"]

1.e4 d6 2.d4 Nf6 3.Nc3 e5 4.Nge2 Be7 5.f3 c6 6.Be3 Nbd7 7.Qd2 a6 8.Ng3 g6
9.O-O-O b5 10.a3 Bb7 11.Be2 Qc7 12.f4 exd4 13.Bxd4 c5 14.Nd5 Bxd5 15.Bxf6 Nxf6
16.exd5 O-O 17.h4 b4 18.a4 Qd7 19.b3 c4 20.Bxc4 Rfc8 21.Qe2 Bf8 22.h5 Re8
23.Qf3 Rac8 24.hxg6 hxg6 25.f5 Bg7 26.Qd3 g5 27.Rde1 Rxe1+ 28.Rxe1 Re8 29.Rxe8+ Qxe8
30.Qe2 Qc8 31.Qe3 Ng4 32.Qe2 Ne5 33.Kd1 Qc5 34.Nh5 Qg1+ 35.Qf1 Qd4+ 36.Bd3 Ng4
37.Qe1 Be5 38.f6 a5 39.Qd2 Qg1+ 40.Qe1 Qxg2 41.Kc1 Qh2 42.Ng7 Qf4+ 43.Kb1 Qd4
44.Kc1 Qf4+  0-1

[Event "IX Lubuska Wiosna Op"]
[Site "Gorzow POL"]
[Date "2013.03.27"]
[Round "2"]
[White "Grzesik,N"]
[Black "Malaniuk,V"]
[Result "0-1"]
[WhiteElo "1932"]
[BlackElo "2526"]

1.e4 d6 2.d4 Nf6 3.Nc3 e5 4.Nf3 Nbd7 5.Bc4 Be7 6.O-O O-O 7.a4 c6 8.Re1 exd4
9.Nxd4 Ne5 10.Bb3 Re8 11.h3 Bf8 12.Bf4 Qa5 13.Bg3 Ng6 14.Qd2 Bd7 15.Rad1 Qh5
16.Qe2 Qc5 17.Qc4 Qxc4 18.Bxc4 Rad8 19.Bb3 h6 20.Nf3 Ne5 21.Nd4 Bc8 22.Re2 a6
23.a5 c5 24.Bxe5 dxe5 25.Nf3 Rxd1+ 26.Nxd1 Bd6 27.Ne3 Bc7 28.Nc4 Be6 29.Nfd2 Rd8
30.f3 Nh5 31.Kf2 Nf4 32.Re1 Bxa5 33.Rd1 Bxc4  0-1

[Event "Nis Open 2013"]
[Site "Nis SRB"]
[Date "2013.03.27"]
[Round "8.1"]
[White "Zivkovic,Nem"]
[Black "Biljanic,L"]
[Result "0-1"]
[WhiteElo "2237"]
[BlackElo "2322"]

1.e4 d6 2.d4 Nf6 3.Nc3 c6 4.a4 e5 5.Nf3 Bg4 6.dxe5 Bxf3 7.gxf3 dxe5 8.Qxd8+ Kxd8
9.Bc4 Ke8 10.f4 Bd6 11.fxe5 Bxe5 12.Bd2 Nbd7 13.f4 Bxc3 14.Bxc3 Nxe4 15.Bxg7 Rg8
16.Rg1 Nb6 17.Bd3 f5 18.O-O-O Nd5 19.Be5 Kf7 20.Rde1 Rxg1 21.Rxg1 Rg8 22.Rxg8 Kxg8
23.c4 Ne7 24.Bd4 a6 25.Kd1 Kf7 26.Ke2 Ke6 27.b4 Ng6 28.Ke3 Nf6 29.Kf3 Nh5
30.Be3 Nh4+ 31.Kf2 Nf6 32.Kg3 Ng6 33.a5 Ne4+ 34.Kh3 Nxf4+ 35.Bxf4 Nf2+ 36.Kg3 Nxd3
37.Bc7 Nxb4 38.Kf4 Nd3+ 39.Ke3 Ne5 40.Kf4 Nxc4 41.Kg5 Ne5 42.Kf4 Nd7 43.h4 c5
44.Kg5 c4 45.Bf4 c3 46.Kh6 Nf6 47.Bc1 c2 48.Kg5 Nd5  0-1

[Event "36th San Sebastian Open"]
[Site "Donostia ESP"]
[Date "2013.03.28"]
[Round "7.28"]
[White "Tung,S"]
[Black "Fernandez Zubitur,J"]
[Result "0-1"]
[WhiteElo "1859"]
[BlackElo "1966"]

1.e4 d6 2.d4 Nf6 3.Nc3 Nbd7 4.Be3 e5 5.Nf3 Be7 6.h3 O-O 7.Bd3 c6 8.O-O Qc7
9.Ne2 d5 10.dxe5 Nxe4 11.Bf4 Ndc5 12.Ng3 Ne6 13.Qc1 N4c5 14.Nf5 Nxd3 15.cxd3 Nxf4
16.Nxe7+ Qxe7 17.Qxf4 f6 18.Qg3 fxe5 19.Nxe5 Qf6 20.d4 Bf5 21.Rac1 Rae8 22.Rc3 Qd6
23.Qe3 Re6 24.Re1 Ref6 25.a3 Bc8 26.Re2 Rf4 27.Qd2 Qf6 28.Rce3 Qd8 29.Qb4 a5
30.Qc3 Qb6 31.Rd2 g6 32.g3 R4f6 33.Kg2 Qc7 34.Rde2 Bf5 35.f3 Bc8 36.h4 b6
37.Rf2 Qd6 38.Rc2 Bb7 39.b4 axb4 40.axb4 Ra8 41.Ng4 Re6 42.Rce2 Rxe3 43.Qxe3 Ba6
44.Re1 Bc4 45.Qg5 Ra2+ 46.Kh3 Re2 47.Rxe2 Bxe2 48.Ne5 Bf1+ 49.Kh2 Qe6 50.Qd8+ Kg7
51.Qd7+ Qxd7 52.Nxd7 Bb5 53.g4 Kf7 54.Kg3 Ke7 55.Nxb6 Kd8 56.Kf4 Kc7 57.Na8+ Kb7
58.h5 gxh5 59.gxh5 Be2 60.h6 Kxa8 61.Kg3 Kb7 62.f4 Kc7 63.f5 Kd6 64.Kf4 Bd3
65.Kg5 Ke7  0-1

[Event "36th San Sebastian Open"]
[Site "Donostia ESP"]
[Date "2013.03.28"]
[Round "7.29"]
[White "Peteiro Osta,L"]
[Black "Pardo Vaquero,I"]
[Result "1-0"]
[WhiteElo "1914"]
[BlackElo "1759"]

1.e4 d6 2.d4 Nf6 3.Nc3 e5 4.Nf3 Nbd7 5.Bc4 Be7 6.O-O O-O 7.Qe2 c6 8.a4 b6
9.Rd1 Qc7 10.Bg5 h6 11.Bh4 Bb7 12.Bg3 a6 13.Nh4 g6 14.Nxg6 Rfe8 15.Nxe7+ Rxe7
16.Bh4 Kh7 17.Qf3 Kg7 18.Qf5 d5 19.Rd3 exd4 20.Rg3+ Qxg3 21.fxg3 dxc3 22.e5 Re6
23.Bd3 Ne4 24.bxc3 Nxe5 25.Rf1 Rae8 26.Bxe4 dxe4 27.Bf6+ Kg8 28.Bxe5 Rxe5
29.Qxf7+ Kh8 30.Rf6  1-0

[Event "Pobeskydi Open 2013"]
[Site "Frydek-Mistek CZE"]
[Date "2013.03.28"]
[Round "1"]
[White "Novotny,M1"]
[Black "Lys,J"]
[Result "1-0"]
[WhiteElo "2279"]
[BlackElo "2131"]

1.e4 d6 2.d4 Nf6 3.Nc3 c6 4.h3 b5 5.Bd3 g6 6.Be3 Bg7 7.Qd2 b4 8.Nce2 a5 9.Bh6 O-O
10.Bxg7 Kxg7 11.Nf3 Ba6 12.O-O Bxd3 13.cxd3 Qb6 14.Ng3 Ng8 15.Qg5 Kh8 16.Rac1 Na6
17.Rc4 Nc7 18.Rfc1 Ne6 19.Qd2 Qa7 20.Qe3 Nd8 21.h4 Rb8 22.h5 Rb5 23.e5 Rd5
24.Qe4 e6 25.Qf4 Qe7 26.exd6 Rxd6 27.Qe5+ Nf6 28.Ne4  1-0

[Event "LVIII ch-Catarinense 2013"]
[Site "Florianopolis BRA"]
[Date "2013.03.29"]
[Round "2.2"]
[White "Bueno,Alfe"]
[Black "Matsuura,E"]
[Result "0-1"]
[WhiteElo "2282"]
[BlackElo "2473"]

1.e4 d6 2.d4 Nf6 3.Nc3 e5 4.dxe5 dxe5 5.Qxd8+ Kxd8 6.Bg5 Be6 7.O-O-O+ Nd7
8.Nf3 Kc8 9.Bxf6 gxf6 10.Nh4 Bb4 11.Nd5 Bc5 12.Ne3 c6 13.Nhf5 Rg8 14.f3 Kc7
15.g3 b5 16.Bd3 a5 17.Kb1 a4 18.c4 b4 19.Rc1 Kb6 20.Rhd1 Rgd8 21.Be2 Bxe3
22.Nxe3 Nc5 23.Rxd8 Rxd8 24.Rd1 Rd4 25.Nc2 Rxd1+ 26.Bxd1 b3 27.Ne3 Ka5 28.a3 Kb6
29.Be2 Nd7 30.Kc1 Kc5 31.Kd2 Kd4 32.Nd1 Nb6 33.Ne3 Nc8 34.Nd1 Nd6 35.Nc3 Bxc4
36.Nxa4 Bxe2 37.Kxe2 Nc4 38.g4 Nd6 39.Nb6 c5 40.Kd2 Nb7 41.Nd7 Nd6 42.Nb6 c4
43.Nd7 Nb5 44.a4 c3+ 45.Kc1 Nc7 46.bxc3+ Kxc3 47.Nxf6 b2+ 48.Kb1 Kb3 49.Nd7 Na6
50.a5 f6  0-1

[Event "Pobeskydi Open 2013"]
[Site "Frydek-Mistek CZE"]
[Date "2013.03.29"]
[Round "4"]
[White "Cempel,J"]
[Black "Plat,V"]
[Result "0-1"]
[WhiteElo "2228"]
[BlackElo "2452"]

1.d4 d6 2.e4 Nf6 3.Nc3 e5 4.Nf3 Nbd7 5.Bc4 Be7 6.h3 O-O 7.O-O c6 8.a4 a5
9.Qe2 Qb6 10.Rd1 exd4 11.Nxd4 Nc5 12.Nb3 Be6 13.Bxe6 fxe6 14.Be3 d5 15.Bd4 Rae8
16.Qe3 Nfd7 17.f4 Qb4 18.Na2 Qc4 19.exd5 exd5 20.Nxa5 Qxc2 21.b4 Bf6 22.Qc3 Qxc3
23.Nxc3 Re1+ 24.Kh2 Bxd4 25.Rxe1 Bxc3 26.bxc5 Bxa5 27.Re7 Nxc5 28.Rf1 Bd8
29.Re2 Nxa4 30.g4 Nc5  0-1

[Event "IX Lubuska Wiosna Op"]
[Site "Gorzow POL"]
[Date "2013.03.29"]
[Round "5"]
[White "Grela,K"]
[Black "Budrewicz,K"]
[Result "0-1"]
[WhiteElo "1977"]
[BlackElo "2214"]

1.e4 d6 2.d4 Nf6 3.Nc3 e5 4.dxe5 dxe5 5.Qxd8+ Kxd8 6.Bc4 Be6 7.Bxe6 fxe6
8.Be3 Bb4 9.f3 Nc6 10.O-O-O+ Ke7 11.Nge2 a6 12.g4 Rhf8 13.h4 Rad8 14.a3 Rxd1+
15.Rxd1 Bd6 16.h5 b5 17.Rh1 Nd7 18.Bg5+ Ke8 19.Rf1 Nd4 20.Nxd4 exd4 21.Ne2 c5
22.h6 g6 23.b4 Ne5 24.Nf4 Kd7 25.Nd3 Nxf3 26.Rxf3 Rxf3 27.bxc5 Bc7 28.Kb2 Rg3
29.Bf6 Rxg4 30.e5 a5 31.Kb3 Kc6 32.Kb2 Re4 33.Ka2 Kd5 34.Kb2 g5 35.Nf2 Rxe5
36.Bxe5 Bxe5 37.Ng4 Bh8  0-1

[Event "40th La Roda Open"]
[Site "La Roda ESP"]
[Date "2013.03.29"]
[Round "4.4"]
[White "Starostits,I"]
[Black "Popovic,Du"]
[Result "1/2-1/2"]
[WhiteElo "2470"]
[BlackElo "2562"]

1.e4 d6 2.d4 Nf6 3.Nc3 e5 4.Nf3 Nbd7 5.Bc4 Be7 6.O-O Nb6 7.Bd3 Nfd7 8.a4 a5
9.Be3 O-O 10.dxe5 dxe5 11.Bxb6 cxb6 12.Nd5 Bd6 13.Qe2 Nf6 14.Bc4 Nxd5 15.Bxd5 Qe7
16.Qe3 Bg4 17.Nd2 Bc5 18.Qg3 h5 19.h3 Be2 20.Rfe1 h4 21.Qb3 Bh5 22.Qb5 Qf6
23.Qf1 Rad8 24.Nb3 Be7 25.Bxb7 Rd6 26.Ba6 Qf4 27.Be2 Bg6 28.Bg4 Bg5 29.Qe2 Rfd8
30.Qf3 Qxf3 31.Bxf3 f6 32.Kh1 Bf7 33.Red1 Bxb3 34.cxb3 Rxd1+ 35.Rxd1 Rxd1+  1/2-1/2